[Event "ODEM U25B 2012"]
[Site "Oberhof GER"]
[Date "2012.05.29"]
[Round "5"]
[White "Weiten, Anna"]
[Black "Dittrich, Tom"]
[Result "0-1"]
[Termination "normal"]
[Board "22"]
[WhiteElo "1008"]
[BlackElo "1627"]
[PlyCount "76"]
[WhiteFideId "12938203"]
[BlackFideId "12923532"]
[EventCountry "GER"]
[EventRounds "9"]
[EventType "swiss"]
[EventDate "2012.05.26"]

1. e4 c5 2. c3 Nf6 3. Bd3 d6 4. Nf3 e6 5. Bc2 Be7 6. d3 O-O 7. h3 Nc6 8. O-O a6
9. Be3 b5 10. Nbd2 Bb7 11. d4 cxd4 12. cxd4 Nb4 13. Bb1 d5 14. a3 Nc6 15. exd5
Nxd5 16. Bc2 Rc8 17. Nh2 Qc7 18. Bd3 Rfd8 19. Qg4 Nf6 20. Qh4 Qd7 21. Nhf3 g6
22. Nb3 Nh5 23. Bg5 Bxg5 24. Qxg5 Qe7 25. Qxe7 Nxe7 26. Ne5 Nf4 27. Bb1 Bxg2
28. Rd1 Bxh3 29. a4 Bf5 30. Bxf5 Nxf5 31. Nf3 bxa4 32. Rxa4 Rc2 33. Rd2 Rxd2
34. Nfxd2 Ne2+ 35. Kf1 Nexd4 36. Nxd4 Rxd4 37. Rxd4 Nxd4 38. b4 Nc6 0-1

[Event "ODEM U25B 2012"]
[Site "Oberhof GER"]
[Date "2012.05.29"]
[Round "5"]
[White "Tsoumanis, Neoptolemos"]
[Black "Schulze, Lara"]
[Result "1-0"]
[Termination "normal"]
[Board "23"]
[WhiteElo "1181"]
[BlackElo "994"]
[PlyCount "51"]
[BlackFideId "12956830"]
[EventCountry "GER"]
[EventRounds "9"]
[EventType "swiss"]
[EventDate "2012.05.26"]

1. e4 c6 2. d4 d5 3. e5 Bf5 4. Nf3 e6 5. Nc3 c5 6. Be3 Qb6 7. Be2 Qxb2 8. Qb1
Qxb1+ 9. Rxb1 b6 10. dxc5 bxc5 11. Rb7 d4 12. Nb5 Kd8 13. Nc7 dxe3 14. Nxa8
exf2+ 15. Kxf2 Nc6 16. Rd1+ Kc8 17. Rc7+ Kb8 18. Rxc6 Kxa8 19. Rb1 Ne7 20. Rd6
Nc8 21. Rd8 a6 22. Rxc8+ Ka7 23. Ng5 f6 24. Rc7+ Ka8 25. Bf3+ Be4 26. Bxe4# 1-0

[Event "ODEM U25B 2012"]
[Site "Oberhof GER"]
[Date "2012.05.29"]
[Round "5"]
[White "Bick, Lennard"]
[Black "Kobald, Pierre"]
[Result "1-0"]
[Termination "normal"]
[Board "24"]
[WhiteElo "1169"]
[BlackElo "869"]
[PlyCount "117"]
[BlackFideId "12983659"]
[EventCountry "GER"]
[EventRounds "9"]
[EventType "swiss"]
[EventDate "2012.05.26"]

1. e4 c5 2. Nf3 g6 3. Nc3 Bg7 4. g3 d6 5. Bg2 Nf6 6. d3 O-O 7. Be3 b6 8. Nd2
Bb7 9. O-O Nbd7 10. Re1 e6 11. Nc4 Qc7 12. Bf4 e5 13. Bg5 a6 14. Qd2 Ng4 15. h3
f6 16. hxg4 fxg5 17. Qxg5 b5 18. Ne3 b4 19. Ncd5 Qd8 20. Qxd8 Raxd8 21. Rf1
Bxd5 22. Nxd5 Nf6 23. Nxf6+ Rxf6 24. f4 h6 25. fxe5 dxe5 26. Rxf6 Bxf6 27. Rf1
Bg7 28. Bf3 a5 29. Be2 g5 30. Rc1 Bf8 31. c3 c4 32. cxb4 cxd3 33. Bf3 Bxb4 34.
a3 Be7 35. Kf2 Rb8 36. Ke3 Rxb2 37. Kxd3 Bxa3 38. Rc6 Bf8 39. Ra6 Bb4 40. Rxh6
a4 41. Rb6 a3 42. Kc4 a2 43. Ra6 Kf7 44. Bd1 Be7 45. Bb3 Rg2 46. Bxa2 Rxg3 47.
Kd5 Rd3+ 48. Kxe5+ Kg7 49. Kf5 Rf3+ 50. Ke5 Rf4 51. Be6 Bf6+ 52. Kd5 Rf3 53.
Bf5 Rf2 54. Ke6 Bd4 55. Rd6 Bc5 56. Rd7+ Kf8 57. Kf6 Rxf5+ 58. gxf5 g4 59. Rd8#
1-0

[Event "ODEM U25B 2012"]
[Site "Oberhof GER"]
[Date "2012.05.29"]
[Round "5"]
[White "Acikel, Mert"]
[Black "Häusler, Luis"]
[Result "0-1"]
[Termination "normal"]
[Board "25"]
[WhiteElo "970"]
[BlackElo "1124"]
[PlyCount "54"]
[WhiteFideId "12956465"]
[BlackFideId "12942928"]
[EventCountry "GER"]
[EventRounds "9"]
[EventType "swiss"]
[EventDate "2012.05.26"]

1. e4 c5 2. Nf3 d6 3. d4 cxd4 4. Nxd4 Nf6 5. Nc3 g6 6. Be3 Bg7 7. f3 O-O 8. Qd2
Nc6 9. O-O-O Bd7 10. g4 Qa5 11. Kb1 Rfc8 12. h4 Ne5 13. Nb3 Qd8 14. Be2 Nc4 15.
Bxc4 Rxc4 16. h5 Qc7 17. hxg6 fxg6 18. Bg5 Rc8 19. e5 Ne8 20. Bxe7 Bxe5 21.
Qd5+ Kg7 22. Bf8+ Kxf8 23. Rxh7 Bg7 24. Rdh1 Nf6 25. Rh8+ Bxh8 26. Rxh8+ Ke7
27. Rxc8 Qxc8 0-1

[Event "ODEM U25B 2012"]
[Site "Oberhof GER"]
[Date "2012.05.29"]
[Round "5"]
[White "Arnold, Alexandria"]
[Black "Huruglica, Emre"]
[Result "0-1"]
[Termination "normal"]
[Board "26"]
[WhiteElo "872"]
[BlackElo "1103"]
[PlyCount "40"]
[WhiteFideId "16205383"]
[EventCountry "GER"]
[EventRounds "9"]
[EventType "swiss"]
[EventDate "2012.05.26"]

1. e4 e5 2. Nf3 f5 3. exf5 Qf6 4. Bc4 Qxf5 5. d3 Nf6 6. O-O d5 7. Bb3 e4 8. Nd4
Qe5 9. Be3 Ng4 10. g3 Bc5 11. c3 O-O 12. Nd2 Qh5 13. h4 Qg6 14. dxe4 Kh8 15.
exd5 Nxe3 16. fxe3 Qxg3+ 17. Kh1 Qxh4+ 18. Kg2 Bh3+ 19. Kg1 Qg3+ 20. Kh1 Qg2#
0-1

[Event "ODEM U25B 2012"]
[Site "Oberhof GER"]
[Date "2012.05.29"]
[Round "5"]
[White "Zebandt, Manuel"]
[Black "Hoffmann, Rasmus"]
[Result "0-1"]
[Termination "normal"]
[Board "27"]
[WhiteElo "985"]
[BlackElo "1151"]
[PlyCount "144"]
[EventCountry "GER"]
[EventRounds "9"]
[EventType "swiss"]
[EventDate "2012.05.26"]

1. e4 c5 2. Bc4 d6 3. Nc3 Nc6 4. d3 Nf6 5. Bg5 e6 6. Nf3 Be7 7. Bb5 Bd7 8. Qd2
a6 9. Bxc6 Bxc6 10. O-O-O O-O 11. d4 Bxe4 12. Nxe4 Nxe4 13. Bxe7 Qxe7 14. Qe3
d5 15. dxc5 Nxc5 16. h4 Rac8 17. h5 Qc7 18. Rd2 Ne4 19. Re2 Rfd8 20. Qd4 h6 21.
Rh4 f6 22. Rg4 Rd6 23. Qe3 Kh7 24. Qf4 b5 25. Nd4 Qd7 26. f3 Nc5 27. Kb1 Kh8
28. Rg6 e5 29. Qe3 exd4 30. Qxd4 Re6 31. Rxe6 Qxe6 32. Qd2 Kh7 33. a3 Qe5 34.
f4 Qxh5 35. Rg3 Ne4 36. Qd3 Kh8 37. Rh3 Qg4 38. Qxd5 Qxg2 39. Rd3 Qf1+ 40. Ka2
Qxf4 41. Rd4 Re8 42. Qc6 Qe5 43. Rd5 Qe6 44. Qxe6 Rxe6 45. Rd8+ Kh7 46. Rd4 g5
47. Rd7+ Kg6 48. Rd4 h5 49. a4 bxa4 50. Rxa4 h4 51. Ra3 f5 52. c4 g4 53. b4 h3
54. b5 axb5 55. cxb5 h2 56. Ra6 Rxa6+ 57. bxa6 Nc3+ 58. Kb3 Nb5 59. Kb4 Na7 60.
Kc5 h1=Q 61. Kb6 Qa8 62. Ka5 Qb8 63. Ka4 Qb6 64. Ka3 Qxa6+ 65. Kb4 Qc6 66. Kb3
Qc5 67. Kb2 Qc4 68. Kb1 Qe2 69. Kc1 Nb5 70. Kb1 g3 71. Kc1 g2 72. Kb1 g1=R# 0-1

[Event "ODEM U25B 2012"]
[Site "Oberhof GER"]
[Date "2012.05.29"]
[Round "5"]
[White "Riehle, Fabio"]
[Black "Paulweber, Lara"]
[Result "0-1"]
[Termination "normal"]
[Board "28"]
[WhiteElo "1129"]
[BlackElo "902"]
[PlyCount "104"]
[WhiteFideId "36052140"]
[BlackFideId "12954411"]
[EventCountry "GER"]
[EventRounds "9"]
[EventType "swiss"]
[EventDate "2012.05.26"]

1. e4 c5 2. Nf3 b6 3. d4 cxd4 4. Nxd4 Bb7 5. Nc3 e6 6. Bc4 Bb4 7. f3 Bxc3+ 8.
bxc3 d6 9. O-O a6 10. a4 Nd7 11. Ne2 Qc7 12. Bb3 Qc5+ 13. Qd4 Qxd4+ 14. Nxd4
Rc8 15. c4 Ngf6 16. Bg5 O-O 17. Bxf6 Nxf6 18. Rfe1 Rcd8 19. c3 Nd7 20. Kh1 Rfe8
21. f4 e5 22. fxe5 dxe5 23. Nf5 Nf6 24. Bc2 Rd7 25. Rad1 Red8 26. Ne7+ Kf8 27.
Rxd7 Rxd7 28. Nd5 Rd6 29. Nxf6 Rxf6 30. Rd1 Ke8 31. a5 b5 32. cxb5 axb5 33. c4
bxc4 34. Ba4+ Bc6 35. Bxc6+ Rxc6 36. Ra1 c3 37. a6 c2 38. Rc1 Rd6 39. h3 Rd1+
40. Rxd1 cxd1=Q+ 41. Kh2 Qa4 42. h4 Qxa6 43. h5 Qe2 44. h6 Qh5+ 45. Kg1 Qxh6
46. g4 Qe3+ 47. Kg2 Qxe4+ 48. Kh2 Qxg4 49. Kh1 h5 50. Kh2 h4 51. Kh1 h3 52. Kh2
Qg2# 0-1

[Event "ODEM U25B 2012"]
[Site "Oberhof GER"]
[Date "2012.05.29"]
[Round "5"]
[White "Stockter, Jasper Enno"]
[Black "Niewrzol, Anton"]
[Result "1-0"]
[Termination "normal"]
[Board "29"]
[WhiteElo "1107"]
[BlackElo "896"]
[PlyCount "61"]
[WhiteFideId "12957291"]
[EventCountry "GER"]
[EventRounds "9"]
[EventType "swiss"]
[EventDate "2012.05.26"]

1. e4 e5 2. Nf3 Nc6 3. d4 exd4 4. Nxd4 Nf6 5. Nc3 Bb4 6. Nxc6 bxc6 7. Qd4 c5 8.
Qe5+ Qe7 9. Qxe7+ Kxe7 10. Bg5 Kf8 11. Bxf6 gxf6 12. Bc4 Bxc3+ 13. bxc3 Bb7 14.
f3 Re8 15. O-O f5 16. exf5 c6 17. Rab1 d5 18. Rxb7 dxc4 19. Rxa7 Re5 20. g4 Rg8
21. Kh1 Re3 22. f6 Ke8 23. Ra8+ Kd7 24. Rxg8 Rxc3 25. Rf2 Ke6 26. Rc8 Kxf6 27.
Rxc6+ Ke5 28. Rxc5+ Kf4 29. Ra5 Ke3 30. Rg2 Kxf3 31. Rg3+ 1-0

[Event "ODEM U25B 2012"]
[Site "Oberhof GER"]
[Date "2012.05.29"]
[Round "5"]
[White "Weiten, Katharina"]
[Black "Lang, Thomas"]
[Result "1-0"]
[Termination "normal"]
[Board "30"]
[WhiteElo "882"]
[BlackElo "945"]
[PlyCount "65"]
[WhiteFideId "12971979"]
[BlackFideId "12982520"]
[EventCountry "GER"]
[EventRounds "9"]
[EventType "swiss"]
[EventDate "2012.05.26"]

1. e4 e5 2. Nf3 Nc6 3. Nc3 Nf6 4. d4 Qe7 5. Nb5 Kd8 6. Bg5 Qb4+ 7. Nc3 Qxb2 8.
Nd5 Be7 9. Nxe7 Kxe7 10. Bd3 Qc3+ 11. Bd2 Qb2 12. O-O Nxd4 13. Nxd4 Qxd4 14.
Re1 d6 15. Be3 Qa4 16. a3 Nxe4 17. Bxe4 Qxe4 18. Bg5+ f6 19. Rxe4 fxg5 20. Rb1
b6 21. Qh5 h6 22. Qg6 Rg8 23. Re3 Be6 24. Rf3 Raf8 25. Rxf8 Rxf8 26. Qxg7+ Rf7
27. Qxh6 Bf5 28. Qxg5+ Ke6 29. Re1 Bxc2 30. Re3 Rf4 31. Qg8+ Kd7 32. Rg3 Re4
33. h3 1-0

[Event "ODEM U25B 2012"]
[Site "Oberhof GER"]
[Date "2012.05.29"]
[Round "5"]
[White "Abicht, Aruna Sophia"]
[Black "Wagner, Swenja"]
[Result "0-1"]
[Termination "normal"]
[Board "31"]
[WhiteElo "892"]
[BlackElo "1287"]
[PlyCount "82"]
[BlackFideId "12900494"]
[EventCountry "GER"]
[EventRounds "9"]
[EventType "swiss"]
[EventDate "2012.05.26"]

1. e4 e5 2. Nf3 Nc6 3. Nc3 Nf6 4. d4 exd4 5. Nxd4 d5 6. Nxc6 bxc6 7. exd5 cxd5
8. Bb5+ Bd7 9. Bxd7+ Qxd7 10. O-O Be7 11. Re1 O-O 12. Bf4 Bb4 13. Qd4 c5 14.
Qd2 d4 15. a3 dxc3 16. Qxd7 Nxd7 17. axb4 cxb2 18. Rab1 cxb4 19. Rxb2 a5 20.
Bd6 Rfe8 21. Rxe8+ Rxe8 22. f3 f6 23. Ra2 Ra8 24. Bxb4 a4 25. Kf2 Kf7 26. Ke3
Nb6 27. Bc5 Nd5+ 28. Kd4 Ke6 29. c4 Nf4 30. g3 Ng6 31. Kc3 Ne5 32. Re2 a3 33.
Ra2 Nxf3 34. Rxa3 Rxa3+ 35. Bxa3 Nxh2 36. c5 Kd5 37. Kb4 Kc6 38. Ka5 h5 39. Kb4
Nf1 40. Bb2 Nxg3 41. Bd4 h4 0-1

[Event "ODEM U25B 2012"]
[Site "Oberhof GER"]
[Date "2012.05.29"]
[Round "5"]
[White "Janke, Luisa"]
[Black "Grund, Melanie"]
[Result "1-0"]
[Termination "normal"]
[Board "32"]
[WhiteElo "1154"]
[BlackElo "885"]
[PlyCount "77"]
[WhiteFideId "12925225"]
[BlackFideId "12988804"]
[EventCountry "GER"]
[EventRounds "9"]
[EventType "swiss"]
[EventDate "2012.05.26"]

1. e4 e5 2. Nf3 Nc6 3. Nc3 Nf6 4. Bb5 d6 5. O-O Bd7 6. Re1 a6 7. Bc4 Be7 8. d3
Bg4 9. h3 Bh5 10. Bg5 Nd4 11. Re3 Bxf3 12. gxf3 O-O 13. f4 exf4 14. Bxf4 g6 15.
Rg3 Kh8 16. Bh6 Nh5 17. Rg2 Ng7 18. Kh2 Bf6 19. Qg4 Qc8 20. Bxg7+ Bxg7 21. Qg3
Be5 22. f4 Bg7 23. Rag1 Qd7 24. h4 b5 25. Bb3 Nxb3 26. axb3 b4 27. Nd5 Rg8 28.
f5 Be5 29. Nf4 d5 30. h5 Qd6 31. Rf1 gxh5 32. Qh4 Bxf4+ 33. Rxf4 Rxg2+ 34. Kxg2
Rg8+ 35. Kh3 dxe4 36. Rxe4 Qc6 37. d4 Qxc2 38. Qf6+ Rg7 39. Re8# 1-0

[Event "ODEM U25B 2012"]
[Site "Oberhof GER"]
[Date "2012.05.29"]
[Round "5"]
[White "Dathe, Frederick"]
[Black "Hacklinger, Leon"]
[Result "1-0"]
[Termination "normal"]
[Board "33"]
[WhiteElo "1036"]
[BlackElo "877"]
[PlyCount "61"]
[WhiteFideId "12963070"]
[BlackFideId "16205111"]
[EventCountry "GER"]
[EventRounds "9"]
[EventType "swiss"]
[EventDate "2012.05.26"]

1. c4 c5 2. Nc3 Nc6 3. Nf3 d6 4. g3 e5 5. Bg2 Be6 6. d3 Nf6 7. O-O Be7 8. a3
Qd7 9. Rb1 Bh3 10. Bg5 Bxg2 11. Kxg2 Qg4 12. Bxf6 Bxf6 13. Nb5 O-O 14. Nxd6 b6
15. b4 cxb4 16. axb4 Nxb4 17. Rxb4 Be7 18. Nxe5 Qe6 19. Rb1 Bxd6 20. Nf3 Rfe8
21. Qa4 Qxe2 22. Rbe1 Qxd3 23. Rxe8+ Rxe8 24. Qxe8+ Bf8 25. Re1 Qd6 26. Ng5 Qf6
27. Nxh7 Kxh7 28. Qxf8 a5 29. Re4 Kg6 30. Rg4+ Kh6 31. Qh8# 1-0

[Event "ODEM U25B 2012"]
[Site "Oberhof GER"]
[Date "2012.05.29"]
[Round "5"]
[White "Reuker, Ronja"]
[Black "Matuschak, Henry"]
[Result "0-1"]
[Termination "normal"]
[Board "34"]
[WhiteElo "825"]
[BlackElo "1034"]
[PlyCount "178"]
[WhiteFideId "12947172"]
[EventCountry "GER"]
[EventRounds "9"]
[EventType "swiss"]
[EventDate "2012.05.26"]

1. e4 e5 2. Nf3 Nc6 3. Bb5 a6 4. Bxc6 bxc6 5. d4 exd4 6. Qxd4 d6 7. Nc3 Be7 8.
Qxg7 Bf6 9. Bg5 Bxg7 10. Bxd8 Kxd8 11. O-O Ne7 12. Rfe1 Re8 13. Ng5 Rf8 14.
Nxh7 Rg8 15. Ng5 Bxc3 16. Nxf7+ Ke8 17. Nh6 Rg6 18. bxc3 Rxh6 19. Rab1 Be6 20.
Rb2 Bc4 21. e5 Re6 22. Re4 d5 23. Re3 Ng6 24. h3 Nxe5 25. Rg3 Kd7 26. f4 Nf7
27. f5 Rf6 28. Rf3 Re8 29. g4 Ng5 30. Rg3 Ke7 31. Re3+ Kf7 32. Rxe8 Kxe8 33.
Rb8+ Kd7 34. Kg2 Bxa2 35. Rg8 Ne4 36. Ra8 Bc4 37. h4 Rh6 38. h5 Be2 39. Kh3
Nf2+ 40. Kh4 Bxg4 41. Kg5 Rxh5+ 42. Kg6 Rxf5 43. Rxa6 Ne4 44. Ra4 Rf6+ 45. Kg7
Ke7 46. Ra7 Kd7 47. Ra4 Bf5 48. Ra7 Re6 49. Ra3 Ng5 50. Ra4 Re7+ 51. Kf6 Bxc2
52. Ra2 Ne4+ 53. Kf5 Nxc3+ 54. Rxc2 Ne4 55. Kf4 Re6 56. Ke3 Rd6 57. Rg2 Nc3 58.
Kd4 Nb5+ 59. Kc5 d4 60. Rg7+ Kc8 61. Rg8+ Kb7 62. Rg2 d3 63. Rd2 Nc3 64. Kc4
Ne4 65. Rxd3 Rxd3 66. Kxd3 Nd6 67. Kc3 Kb6 68. Kb4 c5+ 69. Kc3 Kb5 70. Kb3 c4+
71. Ka3 Ne4 72. Kb2 Kb4 73. Kc2 c3 74. Kc1 Kb3 75. Kb1 c6 76. Kc1 Nd2 77. Kd1
Kb2 78. Ke2 c2 79. Kxd2 c1=Q+ 80. Kd3 Qc5 81. Ke4 Kc3 82. Kf4 Qd5 83. Ke3 Qd4+
84. Kf3 Kd3 85. Kg3 Qe4 86. Kf2 Qf4+ 87. Ke1 Qh2 88. Kf1 Ke3 89. Ke1 Qe2# 0-1

[Event "ODEM U25B 2012"]
[Site "Oberhof GER"]
[Date "2012.05.29"]
[Round "5"]
[White "Bossert, Moritz"]
[Black "Wiemann, Daniel"]
[Result "1-0"]
[Termination "normal"]
[Board "35"]
[WhiteElo "787"]
[BlackElo "963"]
[PlyCount "67"]
[WhiteFideId "16239946"]
[BlackFideId "12942944"]
[EventCountry "GER"]
[EventRounds "9"]
[EventType "swiss"]
[EventDate "2012.05.26"]

1. d4 d5 2. c4 e6 3. Nf3 Bb4+ 4. Nc3 Bxc3+ 5. bxc3 h6 6. Bb2 Nc6 7. cxd5 exd5
8. e3 Bg4 9. Bd3 Bxf3 10. Qxf3 Nf6 11. Ba3 Qd7 12. O-O O-O-O 13. Bf5 Qxf5 14.
Qxf5+ Kb8 15. Rab1 Na5 16. f3 Nc4 17. Bc5 Nxe3 18. Qd3 Nxf1 19. Qa6 b6 20. Be7
Rde8 21. Bxf6 Nd2 22. Rd1 Nxf3+ 23. gxf3 gxf6 24. Qb5 Rhg8+ 25. Kf1 Rd8 26. Re1
Kb7 27. Re7 a6 28. Qd3 Rgf8 29. Qh7 Kc8 30. Qxh6 c5 31. Qxf6 cxd4 32. cxd4 b5
33. Qc6+ Kb8 34. Qb7# 1-0

[Event "ODEM U25B 2012"]
[Site "Oberhof GER"]
[Date "2012.05.29"]
[Round "5"]
[White "Gazizova, Alina"]
[Black "Kalina, Joshua"]
[Result "0-1"]
[Termination "normal"]
[Board "36"]
[WhiteElo "767"]
[BlackElo "941"]
[PlyCount "106"]
[WhiteFideId "12951366"]
[EventCountry "GER"]
[EventRounds "9"]
[EventType "swiss"]
[EventDate "2012.05.26"]

1. e4 e5 2. d4 exd4 3. Qxd4 Nc6 4. Qe3 Nf6 5. Nc3 Bb4 6. Bd2 O-O 7. O-O-O Bxc3
8. Bxc3 Re8 9. f3 d5 10. Ne2 Bf5 11. h3 Qe7 12. Ng3 Bg6 13. Bd3 Rad8 14. Bxf6
Qxf6 15. Rhf1 a5 16. Rde1 d4 17. Qd2 Nb4 18. Kb1 Qe6 19. b3 a4 20. Bc4 Qe5 21.
Qxb4 Qxg3 22. Re2 Rb8 23. Qc5 axb3 24. Bxb3 Qe5 25. Qc4 c6 26. Rd1 c5 27. Qd5
Qxd5 28. exd5 Rxe2 29. g4 c4 30. Ba4 Ra8 31. Rxd4 h6 32. Rxc4 Re1+ 33. Kb2 Rd8
34. Rc7 Rxd5 35. Bb3 Rb5 36. Ka3 Ra5+ 37. Kb2 Re2 38. Rxb7 Rae5 39. a4 R5e3 40.
a5 Rxf3 41. h4 Rg3 42. a6 Kh7 43. a7 Be4 44. Rb8 Rxg4 45. a8=Q Bxa8 46. Rxa8
Rxh4 47. Bxf7 Rhh2 48. Bg8+ Kg6 49. Ra6+ Kf5 50. Ra5+ Kf4 51. Ra4+ Ke3 52. Ra3+
Kd4 53. Ra4+ Kc5 0-1

[Event "ODEM U25B 2012"]
[Site "Oberhof GER"]
[Date "2012.05.29"]
[Round "5"]
[White "Lilienthal, Niels Bennett"]
[Black "Kluge, Helene"]
[Result "0-1"]
[Termination "normal"]
[Board "37"]
[WhiteElo "928"]
[BlackElo "827"]
[PlyCount "66"]
[WhiteFideId "16205421"]
[BlackFideId "12983179"]
[EventCountry "GER"]
[EventRounds "9"]
[EventType "swiss"]
[EventDate "2012.05.26"]

1. c4 e5 2. Nc3 Nf6 3. Nf3 d6 4. g3 g6 5. Bg2 Be6 6. d3 Bg7 7. Bg5 Qc8 8. O-O
Bh3 9. Bxh3 Qxh3 10. Bxf6 Bxf6 11. Nd5 Bd8 12. Qb3 b6 13. Qb5+ c6 14. Qb3 cxd5
15. cxd5 O-O 16. Qb4 Qd7 17. d4 Bf6 18. dxe5 dxe5 19. d6 Na6 20. Qa3 Nc5 21.
Rfd1 Rfe8 22. b4 Nb7 23. b5 e4 24. Nd4 Nxd6 25. Nc6 Bxa1 26. Rxa1 Nxb5 27. Ne5
Rxe5 28. Qb2 Rh5 29. Qc2 Nd6 30. Rd1 Qh3 31. f4 e3 32. Rxd6 Qxh2+ 33. Kf1 Qh1#
0-1

[Event "ODEM U25B 2012"]
[Site "Oberhof GER"]
[Date "2012.05.29"]
[Round "5"]
[White "Gazizov, Erik"]
[Black "Eggert, Daniela"]
[Result "0-1"]
[Termination "normal"]
[Board "38"]
[WhiteElo "747"]
[BlackElo "927"]
[PlyCount "62"]
[WhiteFideId "12951358"]
[BlackFideId "12991490"]
[EventCountry "GER"]
[EventRounds "9"]
[EventType "swiss"]
[EventDate "2012.05.26"]

1. e4 e5 2. d4 exd4 3. Qxd4 Nc6 4. Qe3 Be7 5. Bb5 d5 6. Nc3 d4 7. Qd3 dxc3 8.
Qxd8+ Bxd8 9. Bxc6+ bxc6 10. Nf3 cxb2 11. Bxb2 Nf6 12. O-O O-O 13. Rfe1 Bg4 14.
Ne5 Bd7 15. f3 c5 16. Rad1 Ba4 17. Rd2 Be7 18. Nd7 Nxd7 19. g3 Nb6 20. Rde2 c4
21. c3 Rfd8 22. h4 Bd1 23. Rg2 Bxf3 24. Rf2 Bc5 25. Kf1 Bxf2 26. Kxf2 Bxe4 27.
Rxe4 Rd2+ 28. Kf3 Rxb2 29. Kg4 g6 30. h5 f5+ 31. Kg5 fxe4 0-1

[Event "ODEM U25B 2012"]
[Site "Oberhof GER"]
[Date "2012.05.29"]
[Round "5"]
[White "Lange, Alina"]
[Black "Lohrmann, Linus"]
[Result "1-0"]
[Termination "normal"]
[Board "40"]
[WhiteElo "859"]
[BlackElo "824"]
[PlyCount "45"]
[BlackFideId "12982857"]
[EventCountry "GER"]
[EventRounds "9"]
[EventType "swiss"]
[EventDate "2012.05.26"]

1. c4 e5 2. Nc3 Nc6 3. Nf3 Nf6 4. d3 Bc5 5. g3 O-O 6. Bg2 d6 7. O-O Bg4 8. Bd2
Bxf3 9. Bxf3 a6 10. a3 b5 11. Bxc6 Rb8 12. cxb5 axb5 13. Bxb5 Ng4 14. b4 Qf6
15. bxc5 dxc5 16. e4 Qg6 17. Bd7 Rfd8 18. Bxg4 Rxd3 19. Bf5 Qf6 20. Nd5 Qa6 21.
Rb1 Rxb1 22. Qxb1 Qxa3 23. Qb8# 1-0

[Event "ODEM U25B 2012"]
[Site "Oberhof GER"]
[Date "2012.05.29"]
[Round "5"]
[White "Kung, Fanny"]
[Black "Müdder, Melanie"]
[Result "1-0"]
[Termination "normal"]
[Board "41"]
[WhiteElo "825"]
[BlackElo "761"]
[PlyCount "63"]
[WhiteFideId "12987689"]
[BlackFideId "12994103"]
[EventCountry "GER"]
[EventRounds "9"]
[EventType "swiss"]
[EventDate "2012.05.26"]

1. e4 e5 2. Nf3 Nc6 3. Bc4 Nf6 4. Ng5 d5 5. exd5 Na5 6. Be2 h6 7. Nf3 e4 8. Ne5
Qe7 9. Nc4 Nxc4 10. Bxc4 Qd8 11. d3 exd3 12. Qxd3 Bb4+ 13. Bd2 Qe7+ 14. Qe2
Bxd2+ 15. Nxd2 Ne4 16. Nxe4 Qb4+ 17. c3 Qa4 18. Nc5+ Kf8 19. Nxa4 Bd7 20. Nc5
Re8 21. Ne4 Bf5 22. f3 h5 23. Qd3 Rh6 24. O-O Bh3 25. gxh3 Rg6+ 26. Kf2 Re5 27.
Ke2 Rg2+ 28. Rf2 Rgg5 29. Kd2 Rg6 30. Re1 b5 31. Bxb5 c6 32. dxc6 1-0

[Event "ODEM U25B 2012"]
[Site "Oberhof GER"]
[Date "2012.06.02"]
[Round "9"]
[White "Pappert, Florian"]
[Black "Naujoks, Max"]
[Result "1/2-1/2"]
[Termination "normal"]
[Board "1"]
[WhiteElo "1461"]
[BlackElo "1398"]
[PlyCount "59"]
[BlackFideId "12947318"]
[EventCountry "GER"]
[EventRounds "9"]
[EventType "swiss"]
[EventDate "2012.05.26"]

1. e4 c5 2. Nf3 d6 3. d4 cxd4 4. Nxd4 Nc6 5. Nc3 g6 6. Be3 Bg7 7. Qd2 Nf6 8. f3
O-O 9. O-O-O a6 10. Bc4 Qc7 11. Nxc6 bxc6 12. Bh6 a5 13. h4 Ba6 14. Bxa6 Rxa6
15. Ne2 Rb8 16. Bxg7 Kxg7 17. g4 Qb7 18. Qc3 Qb4 19. Rd4 Qxc3 20. Nxc3 h5 21.
g5 Nd7 22. f4 c5 23. Rd2 Rab6 24. b3 Nf8 25. Nd5 R6b7 26. Re1 a4 27. Rd3 axb3
28. Rxb3 Rxb3 29. cxb3 Ne6 30. f5 1/2-1/2

[Event "ODEM U25B 2012"]
[Site "Oberhof GER"]
[Date "2012.06.02"]
[Round "9"]
[White "von Reppert, Marc"]
[Black "Janke, Christopher"]
[Result "1/2-1/2"]
[Termination "normal"]
[Board "2"]
[WhiteElo "1468"]
[BlackElo "1589"]
[PlyCount "47"]
[WhiteFideId "12918130"]
[EventCountry "GER"]
[EventRounds "9"]
[EventType "swiss"]
[EventDate "2012.05.26"]

1. e4 e5 2. Nf3 d6 3. Nc3 f5 4. d3 Nf6 5. g3 Nc6 6. Bg2 Be7 7. O-O h6 8. Nh4
fxe4 9. Ng6 Rg8 10. Nxe4 Be6 11. f4 Qd7 12. Nxe7 Kxe7 13. Nxf6 gxf6 14. f5 Bf7
15. Bxc6 Qxc6 16. Bxh6 Rh8 17. Qd2 Rag8 18. Rf2 Qb5 19. c4 Qb6 20. Be3 Qc6 21.
Rg2 b6 22. Rc1 Qd7 23. Qf2 b5 24. Re1 1/2-1/2

[Event "ODEM U25B 2012"]
[Site "Oberhof GER"]
[Date "2012.06.02"]
[Round "9"]
[White "Fischer, Maxi"]
[Black "Wheeler, Sebastian"]
[Result "0-1"]
[Termination "normal"]
[Board "3"]
[WhiteElo "1418"]
[BlackElo "1658"]
[PlyCount "80"]
[WhiteFideId "24692395"]
[BlackFideId "12923060"]
[EventCountry "GER"]
[EventRounds "9"]
[EventType "swiss"]
[EventDate "2012.05.26"]

1. e4 e5 2. Nf3 Nc6 3. Bc4 Nf6 4. Ng5 d5 5. exd5 Na5 6. Bb5+ Bd7 7. Bxd7+ Qxd7
8. d3 Qxd5 9. O-O O-O-O 10. Nc3 Qd7 11. Be3 h6 12. Nf3 Nc6 13. a4 g5 14. Nb5 g4
15. Nd2 a6 16. Nc4 Nd5 17. Na7+ Nxa7 18. Bxa7 b6 19. a5 Kb7 20. axb6 cxb6 21.
Bxb6 Nxb6 22. Nxe5 Qd5 23. Nxg4 Rg8 24. Ne3 Qc6 25. Qh5 Rg6 26. f3 Bc5 27. Rfe1
Nd5 28. Kf2 Re8 29. Qf5 Nxe3 30. Qxf7+ Re7 31. Qb3+ Qb6 32. Qxb6+ Rxb6 33. Rxe3
Rxe3 34. Kf1 Rxb2 35. Rc1 a5 36. f4 a4 37. f5 a3 38. c4 a2 39. f6 Rb1 40. Rxb1+
axb1=Q+ 0-1

[Event "ODEM U25B 2012"]
[Site "Oberhof GER"]
[Date "2012.06.02"]
[Round "9"]
[White "Denkert, Robert"]
[Black "Siegl, Adrian"]
[Result "1-0"]
[Termination "normal"]
[Board "4"]
[WhiteElo "1491"]
[BlackElo "1712"]
[PlyCount "119"]
[WhiteFideId "12957216"]
[BlackFideId "12930156"]
[EventCountry "GER"]
[EventRounds "9"]
[EventType "swiss"]
[EventDate "2012.05.26"]

1. Nf3 d5 2. d4 e6 3. e3 c6 4. Bd3 f5 5. Ne5 Nf6 6. c4 Bd6 7. Nc3 O-O 8. f3
Nbd7 9. Nxd7 Bxd7 10. c5 Bc7 11. O-O Be8 12. Bd2 Bh5 13. Be2 Bg6 14. f4 Ba5 15.
Nb1 Bxd2 16. Nxd2 Qe8 17. Kh1 Bh5 18. Bxh5 Qxh5 19. Qxh5 Nxh5 20. Nf3 Nf6 21.
Ne5 Ne4 22. Rfc1 Rfc8 23. Rc2 Rc7 24. b4 Rb8 25. Rb1 Nf6 26. b5 cxb5 27. Rxb5
Nd7 28. Nxd7 Rxd7 29. Rcb2 Rc7 30. h3 Kf7 31. a4 b6 32. a5 Rbb7 33. a6 Rb8 34.
cxb6 Rxb6 35. Rxb6 axb6 36. Rxb6 Kf6 37. Rb7 Rc6 38. Ra7 Kg6 39. Ra8 Rc3 40. a7
Ra3 41. Re8 Rxa7 42. Rxe6+ Kf7 43. Re5 Kf6 44. Rxd5 Ra3 45. Re5 h6 46. g4 g6
47. Kg2 Ra2+ 48. Kg3 Rd2 49. gxf5 gxf5 50. d5 Rd3 51. Kh4 Rd2 52. Kh5 Rh2 53.
h4 Rh3 54. Re6+ Kg7 55. d6 Kf7 56. d7 Kxe6 57. d8=Q Rg3 58. Kxh6 Rg6+ 59. Kh5
Rg7 60. Qb6+ 1-0